Průvodce změnami v daňové a účetní legislativě v průběhu roku 2013

Zhrnutie noviniek, ktoré sa dotýkajú zmien v účtovníctve, zdanenia právnických osôb, zmien v medzinárodnom zdanení, zdanení fyzických osôb, DPH, daní z nehnuteľností, reformy daňovej správy a colnej správy. Zmeny sú v Českej republike účinné od 1.1.2013.

Saved in:
Bibliographic Details
Main Author: Vojtek, Zdeněk
Format: Book Chapter
Language:Czech
Subjects:
Tags: Add Tag
No Tags, Be the first to tag this record!

MARC

LEADER 00000naa a2200000 4500
001 0177883
005 20230925093615.1
041 0 |a cze 
044 |a CZ 
245 1 0 |a Průvodce změnami v daňové a účetní legislativě v průběhu roku 2013  |c Zdeněk Vojtek 
520 |a Zhrnutie noviniek, ktoré sa dotýkajú zmien v účtovníctve, zdanenia právnických osôb, zmien v medzinárodnom zdanení, zdanení fyzických osôb, DPH, daní z nehnuteľností, reformy daňovej správy a colnej správy. Zmeny sú v Českej republike účinné od 1.1.2013. 
610 2 0 |a legislatíva 
610 2 0 |a reformy 
610 2 0 |a účtovníctvo 
610 2 0 |a dane z hodnoty pridanej 
610 2 0 |a osoby právnické 
610 2 0 |a osoby fyzické 
610 2 0 |a nehnuteľnosti 
610 2 0 |a zdaňovanie 
610 2 0 |a Česko 
100 1 |a Vojtek, Zdeněk